Молодые ученые и педагоги - кадровый потенциал ТПУ; Томский политехник; Вып. 12

Bibliografiske detaljer
Parent link:Томский политехник: ежегодный журнал/ Томский политехнический университет (ТПУ), Ассоциация выпускников.— , 1995-
Вып. 12.— 2006.— [С. 78-79]
Hovedforfatter: Боровиков Ю. С. Юрий Сергеевич
Summary:Аннотация на англ. яз.
Заглавие с титульного листа
Электронная версия печатной публикации
Sprog:russisk
Udgivet: 2006
Serier:От института к университету
Fag:
Online adgang:Цветная версия без потери качества
Format: MixedMaterials Electronisk Book Chapter
KOHA link:https://koha.lib.tpu.ru/cgi-bin/koha/opac-detail.pl?biblionumber=198937

MARC

LEADER 00000nla2a2200000 4500
001 198937
005 20231101224841.0
035 |a (RuTPU)RU\TPU\book\216951 
035 |a RU\TPU\book\216948 
090 |a 198937 
100 |a 20110713d2006 km y0rusy50 ca 
101 0 |a rus  |d eng 
102 |a RU 
135 |a drnn ---uucaa 
181 0 |a i  
182 0 |a b 
200 1 |a Молодые ученые и педагоги - кадровый потенциал ТПУ  |b Электронный ресурс  |f Ю. С. Боровиков 
203 |a Текст  |c электронный 
215 |a 1 файл (449 Кб) 
225 1 |a От института к университету 
230 |a Электронные текстовые данные (1 файл : 449 Кб) 
300 |a Аннотация на англ. яз. 
300 |a Заглавие с титульного листа 
300 |a Электронная версия печатной публикации 
337 |a Adobe Reader 
461 1 |0 (RuTPU)RU\TPU\book\202435  |t Томский политехник  |o ежегодный журнал  |f Томский политехнический университет (ТПУ), Ассоциация выпускников  |d 1995- 
463 1 |0 (RuTPU)RU\TPU\book\216896  |t Вып. 12  |v [С. 78-79]  |d 2006  |p 129 с. 
600 1 |a Ан  |b В. В.  |c российский химик  |c научный сотрудник НИИ ВН Томского политехнического университета, кандидат технических наук  |f 1972-  |g Владимир Вилорьевич  |y Томск  |2 stltpush  |3 (RuTPU)RU\TPU\pers\25572 
600 1 |a Крицкий  |b О. Л.  |c математик  |c доцент Томского политехнического университета, кандидат физико-математических наук  |f 1976-  |g Олег Леонидович  |y Томск  |2 stltpush  |3 (RuTPU)RU\TPU\pers\28123  |9 13081 
601 0 2 |a Томский политехнический университет (ТПУ)  |c (1991-2009)  |2 stltpush  |3 (RuTPU)RU\TPU\col\376 
610 1 |a кадровый потенциал 
610 1 |a кадровый резерв 
610 1 |a формирование 
610 1 |a молодые ученые 
610 1 |a педагоги 
610 1 |a кадры 
610 1 |a научные сотрудники 
610 1 |a персоналии 
610 1 |a электронный ресурс 
700 1 |a Боровиков  |b Ю. С.  |c специалист в области электроэнергетики  |c проректор-директор Энергетического института Томского политехнического университета, кандидат технических наук  |f 1978-  |g Юрий Сергеевич  |2 stltpush  |3 (RuTPU)RU\TPU\pers\27067 
801 1 |a RU  |b 63413507  |c 20101101 
801 2 |a RU  |b 63413507  |c 20170313  |g RCR 
856 4 |u http://www.lib.tpu.ru/fulltext/v/Tomsk_polytechnic/2006/N12a25.pdf  |z Цветная версия без потери качества 
942 |c CF